000 02263cam a22003257a 4500
001 13767985
003 OSt
005 20250203104232.0
008 041101s2003 sz b 000 0 eng d
010 _a 2004450997
020 _a2825413917
035 _a(OCoLC)ocm53986473
040 _aDWT
_cDWT
_dPLT
_dDLC
042 _alccopycat
050 0 0 _aRA643.8
_b.H572 2003
082 0 0 _a362.196/9792
_222
245 0 0 _aHIV/AIDS and the curriculum :
_bmethods of integrating HIV/AIDS in theological programmes /
_cedited by Musa W. Dube.
260 _aGeneva :
_bWCC Publications,
_cc2003.
300 _axiii, 173 p. ;
_c22 cm.
504 _aIncludes bibliographical references.
505 0 _aIntroduction: Towards multi-sectoral teaching in a time of HIV/AIDS / Musa W. Dube -- Teaching and talking about our sexuality: a means of combating HIV/AIDS / Agrippa K. Khathide -- Methods of integrating HIV/AIDS in biblical studies / Musa W. Dube -- Does the Hebrew Bible have anything to tell us about HIV/AIDS? / Johanna Stiebert -- Prophecy as a method speaking about the HIV/AIDS epidemic in southern Africa / Madipoane Masenya (ngwanaʾ Mphahlele) -- The prophetic method in the New Testament / Musa W. Dube -- Towards an HIV/AIDS-sensitive curriculum / Tinyiko Sam Maluleke -- Facing the challenges of HIV/AIDS in southern Africa: towards a theology of life / Moji A. Ruele -- Culture, gender and HIV/AIDS: understanding and acting on the issues / Musa W. Dube -- Social location as a story-telling method of teaching in HIV/AIDS contexts / Musa W. Dube -- Pastoral care and counselling / Larry R. Colvin -- Hopeful compassion: spiritual care for the person living with HIV/AIDS / André E. de la Porte -- Project design and management / Prisca Mokgadi -- An HIV and AIDS curriculum for theological institutions in Africa.
650 0 _aAIDS (Disease)
_xReligious aspects
_xChristianity.
650 0 _aAIDS (Disease)
_xPatients
_xPastoral counseling of.
650 0 _aTheological seminaries
_vCurricula.
700 1 _aDube, Musa Wenkosi.
710 2 _aWorld Council of Churches.
906 _a7
_bcbc
_ccopycat
_d3
_encip
_f20
_gy-gencatlg
942 _2ddc
_cBK
999 _c4084
_d4084